00413nam a22001217a 4500020001600000040001600016082001500032100002400047245013500071260003500206300002700241650002300268 qHard Cover. cSINES-NUST. 2570.2aSAR aMian Talha Sarfraz. aMachine Learning Models for the Prediction of Ejection Fraction of left Ventricle in Coronary Heart Disease /cSarfraz, Mian Talha aIslamabad:bSINES-NUST,c2022. a95 p. :bill .;c35cm. xMS-Bioinformatics.